The Justice League of America, the Silver Age. #1 ... Read More
Available copies
- 1 of 2 copies available at LARL/NWRL Consortium.
- 1 of 2 copies available at Lake Agassiz Regional Library. (Show preferred library)
Current holds
0 current holds with 2 total copies.
Show Only Available Copies
| Location | Call Number / Copy Notes | Barcode | Shelving Location | Status | Due Date |
|---|---|---|---|---|---|
| Climax Public Library | Y G FOX (Text) | 33500012237459 | Main | Checked out | 07/09/2026 |
| Moorhead Public Library | Y G FOX (Text) | 33500012237442 | Main | Available | - |
Record details
- ISBN: 9781401261115
- ISBN: 1401261116
- Physical Description: 328 pages : chiefly color illustrations ; 26 cm
- Publisher: Burbank, CA : DC Comics, [2016]
Content descriptions
| General Note: | Superman created by Jerry Siegel and Joe Shuster. By special arrangement with the Jerry Siegel ... Read More |
| Formatted Contents Note: | Starro the conqueror! -- Challenge of the weapons ... Read More |
| Summary, etc.: | "This new omnibus collection spotlights the ... Read More |
Search for related items by subject
| Subject: | Justice League of America (Fictitious characters) > Comic books, strips, etc. Superheroes > Comic books, strips, etc. COMICS & GRAPHIC NOVELS > Superheroes. |
| Genre: | Superhero comic books, strips, etc. Superhero comics. Science fiction comics. Graphic novels. |
Search for related items by series
| LDR | 03137cam a22006018i 4500 | ||
|---|---|---|---|
| 001 | 202744 | ||
| 003 | LARL_NWRL_CONSORTIUM | ||
| 005 | 20171116163612.0 | ||
| 008 | 151123s2016 caua 6 000 1 eng | ||
| 019 | . | ‡a912705758 | |
| 020 | . | ‡a9781401261115 ‡q(paperback) | |
| 020 | . | ‡a1401261116 ‡q(paperback) | |
| 035 | . | ‡a(OCoLC)930364181 ‡z(OCoLC)912705758 | |
| 042 | . | ‡apcc | |
| 082 | 0 | 0. | ‡a741.5/973 ‡223 |
| 084 | . | ‡aCGN004080 ‡2bisacsh | |
| 100 | 1 | . | ‡aFox, Gardner, ‡eauthor. |
| 245 | 1 | 4. | ‡aThe Justice League of America, the Silver Age. ‡n#1 / ‡cGardner Fox, writer ; Mike Sekowsky, Carmine Infantino, pencillers ; Bernard Sachs, Murphy Anderson, Joe Giella, inkers ; Michael Cho, cover artist. |
| 246 | 3 | 0. | ‡aSilver Age volume 1 |
| 246 | 3 | . | ‡aJustice League of America, the Silver Age volume one |
| 246 | 3 | . | ‡aSilver Age volume one |
| 264 | 1. | ‡aBurbank, CA : ‡bDC Comics, ‡c[2016] | |
| 300 | . | ‡a328 pages : ‡bchiefly color illustrations ; ‡c26 cm | |
| 336 | . | ‡atext ‡btxt ‡2rdacontent | |
| 336 | . | ‡astill image ‡bsti ‡2rdacontent | |
| 337 | . | ‡aunmediated ‡bn ‡2rdamedia | |
| 338 | . | ‡avolume ‡bnc ‡2rdacarrier | |
| 490 | 0 | . | ‡aJustice League of America, the silver age ; ‡v1 |
| 520 | . | ‡a"This new omnibus collection spotlights the origins of the Justice League of America. In these stories from THE BRAVE AND THE BOLD #28-30 and JUSTICE LEAGUE OF AMERICA #1-16, Superman, Batman, Aquaman, The Flash, Green Lantern, Martian Manhunter, and Wonder Woman join forces to stand up against powerful intergalactic, mystical, and super-powered rogues such as Starro, Despero, Kanjar Ro, Dr. Destiny, Amos Fortune and Felix Faust!"-- ‡cProvided by publisher. | |
| 500 | . | ‡aSuperman created by Jerry Siegel and Joe Shuster. By special arrangement with the Jerry Siegel family. | |
| 505 | 0 | . | ‡aStarro the conqueror! -- Challenge of the weapons master! -- Case of the stolen super powers! -- The world of no return! -- Secret of the sinister sorcerers! -- The slave ship of space! -- The planet that came to a standstill! / cover and pencils by Carmine Infantino -- Doom of the star diamond! -- When gravity went wild! -- The wheel of misfortune! -- The cosmic fun-house! -- For sale -- The Justice League! |
| 650 | 0. | ‡aJustice League of America (Fictitious characters) ‡vComic books, strips, etc. ‡0(LARL_NWRL_CONSORTIUM)172654 | |
| 650 | 0. | ‡aSuperheroes ‡vComic books, strips, etc. | |
| 650 | 7. | ‡aCOMICS & GRAPHIC NOVELS ‡xSuperheroes. ‡2bisacsh | |
| 655 | 7. | ‡aSuperhero comic books, strips, etc. ‡2gsafd | |
| 655 | 7. | ‡aSuperhero comics. ‡2lcgft | |
| 655 | 7. | ‡aScience fiction comics. ‡2lcgft | |
| 655 | 7. | ‡aGraphic novels. ‡2lcgft | |
| 700 | 1 | . | ‡aSekowsky, Mike. ‡0(LARL_NWRL_CONSORTIUM)201516 |
| 700 | 1 | . | ‡aInfantino, Carmine. ‡0(LARL_NWRL_CONSORTIUM)99249 |
| 700 | 1 | . | ‡aSachs, Bernard. |
| 700 | 1 | . | ‡aAnderson, Murphy. |
| 700 | 1 | . | ‡aGiella, Joe. ‡0(LARL_NWRL_CONSORTIUM)186245 |
| 700 | 1 | . | ‡aCho, Michael. ‡0(LARL_NWRL_CONSORTIUM)219356 |
| 901 | . | ‡a202744 ‡b ‡c202744 ‡tbiblio | |

Add to basket
Permalink
Disable Highlighting